Một số quan điểm cơ bản về sửa đổi, bổ sung một số điều của Hiến pháp 1992 /

Enregistré dans:
Détails bibliographiques
Auteur principal: Đào Trí Úc, TSKH.
Format: Article
Langue:Vietnamese
Sujets:
Tags: Ajouter un tag
Pas de tags, Soyez le premier à ajouter un tag!
Thư viện lưu trữ: Thư viện Trường Đại học Đà Lạt
LEADER 00795nam a2200265 4500
001 DLU090090747
005 ##20090526
040 # # |a DLU  |b vie 
041 # # |a vie 
044 # # |a vn 
100 # # |a Đào Trí Úc,  |c TSKH. 
245 # # |a Một số quan điểm cơ bản về sửa đổi, bổ sung một số điều của Hiến pháp 1992 /  |c Đào Trí Úc. 
653 # # |a Hiến pháp 
653 # # |a Quan điểm 
653 # # |a Sửa đổi 
773 # # |t Nhà nước và pháp luật  |g Số 9, 2001, tr. 10-16 
920 # # |a Phòng Tạp chí -- Trung tâm Thông tin - Thư viện Trường Đại học Đà Lạt 
994 # # |a DLU 
900 # # |a True 
911 # # |a Nguyễn Thị Mai Anh 
925 # # |a G 
926 # # |a A 
927 # # |a BB 
980 # # |a Thư viện Trường Đại học Đà Lạt